| 000 | 00486nam a2200217 454500 | ||
|---|---|---|---|
| 001 | 032742 | ||
| 003 | BD-ChCU | ||
| 008 | Eng | ||
| 020 | _ax | ||
| 040 |
_aDLC _cDLC _dBD-ChCU |
||
| 082 | 0 | 0 | _a181.4/HIE |
| 100 | 1 |
_aHiriyanna, M. _bx |
|
| 245 | 1 | 0 |
_aThe essentials of Indian philosophy _bx |
| 250 | _ax | ||
| 260 |
_aLond _bAllen & Unwin _c1960 |
||
| 300 | _a216 | ||
| 504 | _ax | ||
| 650 | 0 |
_aPhilosophy - Indian _bPhilosophy - Indian |
|
| 700 | 1 | _ax | |
| 942 |
_2ddc _cBK |
||
| 999 |
_c32742 _d32742 |
||